Medical physiology / (Record no. 119908)

MARC details
000 -LEADER
fixed length control field 00949cam a2200313J 4500
008 - FIXED-LENGTH DATA ELEMENTS--GENERAL INFORMATION
fixed length control field
020 ## - INTERNATIONAL STANDARD BOOK NUMBER
International Standard Book Number 9781455743773 (hardback)
049 ## - LOCAL HOLDINGS (OCLC)
Holding library MAIN
090 ## - LOCALLY ASSIGNED LC-TYPE CALL NUMBER (OCLC); LOCAL CALL NUMBER (RLIN)
Classification number (OCLC) (R) ; Classification number, CALL (RLIN) (NR) QP34.5
Local cutter number (OCLC) ; Book number/undivided call number, CALL (RLIN) BOR
003 - CONTROL NUMBER IDENTIFIER
control field
005 - DATE AND TIME OF LATEST TRANSACTION
control field 20240615134637.0
040 ## - CATALOGING SOURCE
Transcribing agency NUST
100 1# - MAIN ENTRY--PERSONAL NAME
Personal name Boron, Walter
245 10 - TITLE STATEMENT
Title Medical physiology /
Statement of responsibility, etc. Boron Walter and Boulpaep, Emile.
250 ## - EDITION STATEMENT
Edition statement 3rd edition
260 ## - PUBLICATION, DISTRIBUTION, ETC.
Place of publication, distribution, etc. Philadelphia. PA :
Name of publisher, distributor, etc. Elsevier,
Date of publication, distribution, etc. 2017
300 ## - PHYSICAL DESCRIPTION
Extent xii, 1297 pages :
Other physical details colour illustrations ;
Dimensions 29 cm.
336 ## - CONTENT TYPE
Content type term text
Content type code txt
Source rdacontent
337 ## - MEDIA TYPE
Media type term unmediated
Media type code n
Source rdamedia
338 ## - CARRIER TYPE
Carrier type term volume
Carrier type code nc
Source rdacarrier
504 ## - BIBLIOGRAPHY, ETC. NOTE
Bibliography, etc. note Includes bibliographical references.
500 ## - GENERAL NOTE
General note Includes Index.
650 ## - SUBJECT ADDED ENTRY--TOPICAL TERM
Topical term or geographic name entry element Physiological phenomena
650 #0 - SUBJECT ADDED ENTRY--TOPICAL TERM
Topical term or geographic name entry element Cell Physiologica phenomena
650 #2 - SUBJECT ADDED ENTRY--TOPICAL TERM
Topical term or geographic name entry element Physiology.
740 0# - ADDED ENTRY--UNCONTROLLED RELATED/ANALYTICAL TITLE
Uncontrolled related/analytical title Medical physiology.
907 ## - LOCAL DATA ELEMENT G, LDG (RLIN)
a .b10398041
b 17-01-23
c 27-06-19
942 ## - ADDED ENTRY ELEMENTS (KOHA)
Koha item type Ordinary Loan Books
Call number prefix QP34.5
Call number suffix BOR
Koha issues (borrowed), all copies 5
Holdings
Date last seen Total Checkouts Full call number Barcode Date last checked out Cost, replacement price Price effective from Koha item type Lost status Source of classification or shelving scheme Damaged status Not for loan Collection Withdrawn status Home library Current library Shelving location Date acquired Cost, normal purchase price
07/10/2024 5 QP34.5 BOR 92004046548 06/15/2024 80.00 01/20/2023 BOOKS   LCC     NFIC   Medical MAIN GEN 01/20/2023 80.00